000 00352 a2200133 4500
005 20250410150019.0
020 _a978-0-435-45366-4
082 _a652 SPE
100 _aSPENCER, S.
245 _aLevel 1: Text Production & Word Processing
260 _aWales,
_bHeinemann,
_c2004.
300 _av, 170p.: ill.; figure, table.
_c30cm.
_eCD
942 _2ddc
_cBKS
999 _c1283
_d1283